Comuni dell'Umbria - Statistics

Statistiche generali
  • Questo quiz è stato fatto 9 volte
  • Il punteggio medio è 62 su 92
Statistiche sulle risposte
Provincia Comune % Corretto
Perugia Assisi
100%
Città di Castello
100%
Foligno
100%
Spello
100%
Spoleto
100%
Todi
100%
Terni Amelia
88%
Bevagna
88%
Cannara
88%
Corciano
88%
Deruta
88%
Fossato di Vico
88%
Gualdo Tadino
88%
Gubbio
88%
Lisciano Niccone
88%
Narni
88%
Norcia
88%
Orvieto
88%
Perugia
88%
San Venanzo
88%
Terni
88%
Trevi
88%
Valfabbrica
88%
Valtopina
88%
Bettona
75%
Cascia
75%
Castiglione del Lago
75%
Città della Pieve
75%
Fabro
75%
Ferentillo
75%
Ficulle
75%
Giano dell'Umbria
75%
Magione
75%
Marsciano
75%
Massa Martana
75%
Perugia Monteleone di Spoleto
75%
Nocera Umbra
75%
Passignano sul Trasimeno
75%
Piegaro
75%
Preci
75%
San Giustino
75%
Sigillo
75%
Tuoro sul Trasimeno
75%
Umbertide
75%
Terni Acquasparta
63%
Allerona
63%
Attigliano
63%
Avigliano Umbro
63%
Baschi
63%
Campello sul Clitunno
63%
Cerreto di Spoleto
63%
Citerna
63%
Giove
63%
Montecastrilli
63%
Montefranco
63%
Monteleone d'Orvieto
63%
Montone
63%
Panicale
63%
Pietralunga
63%
San Gemini
63%
Sellano
63%
Torgiano
63%
Vallo di Nera
63%
Alviano
50%
Arrone
50%
Calvi dell'Umbria
50%
Castel Giorgio
50%
Castel Ritaldi
50%
Collazzone
50%
Fratta Todina
50%
Gualdo Cattaneo
50%
Montefalco
50%
Montegabbione
50%
Monte Santa Maria Tiberina
50%
Otricoli
50%
Paciano
50%
Parrano
50%
Poggiodomo
50%
Porano
50%
Scheggia e Pascelupo
50%
Scheggino
50%
Stroncone
50%
Bastia Umbria
38%
Costacciaro
38%
Guardea
38%
Lugnano in Teverina
38%
Monte Castello di Vibio
38%
Montecchio
38%
Penne in Teverina
38%
Polino
38%
Castel Viscardo
25%
Sant'Anatolia di Narco
25%
Nessun quiz corrispondente trovato
Distribuzione punteggi
Percentuale di utenti per punteggio
Percentile per numero di risposta
I tuoi punteggi nel tempo
Non hai fatto questo quiz